Los últimos veinte años en los estudios anglo-norteamericanos (Record no. 15743)

MARC details
000 -LEADER
campo de control de longitud fija 00994nam a2200241 i 4500
001 - NÚMERO DE CONTROL
campo de control 15743
003 - IDENTIFICADOR DE NÚMERO DE CONTROL
campo de control ES-MaACL
005 - FECHA Y HORA DE LA ÚLTIMA TRANSACCIÓN
campo de control 20230906151138.0
007 - CAMPO FIJO DE DESCRIPCIÓN FÍSICA--INFORMACIÓN GENERAL
campo de control de longitud fija t|
008 - DATOS DE LONGITUD FIJA--INFORMACIÓN GENERAL
campo de control de longitud fija 000505s1986 sp ||||1| spa d
020 ## - NÚMERO INTERNACIONAL ESTÁNDAR DEL LIBRO
Número Internacional Estándar del Libro 84-7496-134-3
080 ## - NÚMERO DE LA CLASIFICACIÓN DECIMAL UNIVERSAL
Número de la Clasificación Decimal Universal 811.111(063)
080 ## - NÚMERO DE LA CLASIFICACIÓN DECIMAL UNIVERSAL
Número de la Clasificación Decimal Universal 821.111.09(063)
080 ## - NÚMERO DE LA CLASIFICACIÓN DECIMAL UNIVERSAL
Número de la Clasificación Decimal Universal 821.111(73).09(063)
110 2# - ENTRADA PRINCIPAL--NOMBRE DE ENTIDAD CORPORATIVA
Nombre de entidad corporativa o nombre de jurisdicción como elemento de entrada Asociación Española de Estudios Anglo-Norteamericanos.
Unidad subordinada Congreso (
Número del congreso/reunión o número de parte o sección 8º.
Fecha del congreso o de la firma del tratado 1984.
Sede del congreso/Lugar de la reunión Málaga)
9 (RLIN) 1661
245 14 - MENCIÓN DEL TÍTULO
Título Los últimos veinte años en los estudios anglo-norteamericanos
Resto del título : Actas del VIII Congreso de AEDEAN : Universidad de Málaga, 1984.
260 ## - PUBLICACIÓN, DISTRIBUCIÓN, ETC.
Lugar de publicación, distribución, etc. Málaga :
Nombre del editor, distribuidor, etc. Departamento de Filología Inglesa de la Universidad de Málaga,
Fecha de publicación, distribución, etc. D.L. 1986.
300 ## - DESCRIPCIÓN FÍSICA
Extensión 192 p. ;
Dimensiones 22 cm.
650 14 - PUNTO DE ACCESO ADICIONAL DE MATERIA--TÉRMINO DE MATERIA
Término de materia o nombre geográfico como elemento de entrada Filología inglesa-
Subdivisión de forma Congresos y asambleas.
9 (RLIN) 12799
650 #4 - PUNTO DE ACCESO ADICIONAL DE MATERIA--TÉRMINO DE MATERIA
Término de materia o nombre geográfico como elemento de entrada Literatura norteamericana-
Subdivisión de forma Congresos y asambleas.
9 (RLIN) 14642
710 2# - ENTRADA AGREGADA--NOMBRE DE ENTIDAD CORPORATIVA
Nombre de entidad corporativa o nombre de jurisdicción como elemento de entrada Universidad de Málaga.
Unidad subordinada Departamento de Filología Inglesa.
9 (RLIN) 7220
852 ## - LOCALIZACIÓN
Ubicación ES-MaACL
Número de control de estantería L-23037
Sublocalización o colección R.123754
Holdings
Estatus retirado Estado de pérdida Estado de daño No para préstamo Biblioteca de origen Biblioteca actual Ubicación en estantería Fecha de adquisición Fuente de adquisición Total de préstamos Signatura topográfica completa Código de barras Visto por última vez Precio de reemplazo Tipo de ítem Koha
        Biblioteca del Ateneo de Madrid Biblioteca del Ateneo de Madrid Depósito 2 17/01/2008     L-23037 1016002 23/02/2023 23/02/2023 Libro impreso